| 000 -LEADER |
| fixed length control field |
00356nam a22001217a 4500 |
| 008 - FIXED-LENGTH DATA ELEMENTS--GENERAL INFORMATION |
| fixed length control field |
200615b ||||| |||| 00| 0 eng d |
| 110 ## - MAIN ENTRY--CORPORATE NAME |
| 9 (RLIN) |
2835 |
| Corporate name or jurisdiction name as entry element |
MCA |
| 245 10 - TITLE STATEMENT |
| Title |
Code of safe working practice for merchant seamen : consolidated edition 2011 / |
| 260 ## - PUBLICATION, DISTRIBUTION, ETC. (IMPRINT) |
| Place of publication, distribution, etc |
London : |
| Name of publisher, distributor, etc |
TSO, |
| Date of publication, distribution, etc |
2011. |
| 300 ## - PHYSICAL DESCRIPTION |
| Extent |
120p. |
| 650 #0 - SUBJECT ADDED ENTRY--TOPICAL TERM |
| Topical term or geographic name as entry element |
Ships--Cargo--Safety regulations |
| 942 ## - ADDED ENTRY ELEMENTS (KOHA) |
| Item type |
Books |